| 000 | 00555nam a22001697a 4500 | ||
|---|---|---|---|
| 999 |
_c9120 _d9120 |
||
| 008 | 210323b ||||| |||| 00| 0 eng d | ||
| 040 | _aBMS College of Architecture | ||
| 100 | _aC, Pramod | ||
| 245 | _aInternational Convention centre at Devanahalli business park Bangalore | ||
| 300 | _a48p. | ||
| 500 | _a1BM05AT031 | ||
| 502 |
_8B.Arch _NBMS College of Architecture, Visvesvaraya Technological University _aProject report _d2011 |
||
| 650 | _aDevanahalli | ||
| 700 |
_aSindhu Srikanth _eGuide |
||
| 700 |
_aK R Madhu Chand _eGuide |
||
| 942 |
_2ddc _cTHE |
||